VI congreso panamericano de crédito educativo.

محفوظ في:
التفاصيل البيبلوغرافية
مؤلفون مشاركون: Consejo Nacional de Fomento Educativo (México), ANUIES
التنسيق: كتاب
اللغة:الإسبانية
الموضوعات:
الوسوم: إضافة وسم
لا توجد وسوم, كن أول من يضع وسما على هذه التسجيلة!

MARC

LEADER 00000cam^a2200000uu^4500
001 000457823
005 20250521000000.0
008 050901s1975^^^^^^^^^^^^rd^r^1000^0^spa^d
009 20260310124052.648
035 |a FCE 000000266 
035 |a FCE 000267 
037 |a Acervo ITESO - Biblioteca 
041 |a spa 
082 0 4 |a 370.87  |b CONp 
110 |a Consejo Nacional de Fomento Educativo (México) 
245 1 0 |a VI congreso panamericano de crédito educativo. 
264 |a México :  |b CONAFE,  |c 1975. 
300 |a 253 p. 
336 |a texto  |b txt  |2 rdacontenido 
337 |a sin mediación  |b n  |2 rdamedio 
338 |a volumen  |b nc  |2 rdasoporte 
649 |a XX 
650 |a Educación superior 
650 |a Financiamiento educativo 
650 |a Costo de la educación 
650 |a Evaluación educativa 
650 |a América Latina 
710 |a ANUIES 
910 |a Fondo Centro de Estudios Educativos 
920 |a Impresos - Libros 
930 |a Fondos Especiales 
905 |a 133 
901 |a ALE000267  |b IT2  |c CEE  |u 20250521 
902 |a https://opac.biblio.iteso.mx/vufind/Record/000457823